Cantik namun beracun

Bibliographic Details
Corporate Author: Forest Research Institute Malaysia
Other Authors: H.Othman, N. Zawiah, NM Nik Zanariah
Format: Book
Published: Kuala Lumpur : Forest Research Institute Malaysia , 2018
Series:FRIM Special Publication No. 27
Subjects:

MARC

LEADER 00000cam a2200000 7i4500
001 0000004156
005 20181227.0
020 0 0 |a 9789672149262 
090 0 0 |a 581.634   |b FRIM 2018 
245 1 0 |a Cantik namun beracun   |c M.A.Latiff..[et.al] 
260 0 0 |a Kuala Lumpur :   |b Forest Research Institute Malaysia ,   |c 2018 
300 |a v. 290.ill.col ;   |c 26cm. 
490 0 0 |a FRIM Special Publication No. 27 
650 0 0 |a Medicinal plants--Malaysia 
650 0 0 |a Poisonous plants---Malaysia 
700 0 1 |a H.Othman 
700 0 1 |a N. Zawiah 
700 0 1 |a NM Nik Zanariah 
710 2 1 |a Forest Research Institute Malaysia 
998 |a JPSM 
999 |a 008014   |b Monograph   |c Open Shelf   |e Default branch